000 00319nam a2200121Ia 4500
008 190216s9999||||xx |||||||||||||| ||und||
100 _aSancheti D C&Amp; Kapoor V K
245 0 _aStatistics Theory Method And Applications
260 _bSulthan Chand&Sons
_c2003
300 _a1314
650 _aCommerce
942 _cBK
999 _c37226
_d37226